000 00456nam a22001697a 4500
005 20260618094310.0
020 _a9788198712271
041 _aEnglish
082 _aT16 R25 STE
100 _aStephen Jeyaseela
245 _aKaalaniya Thamizhagathil Sattmum Neethimuraimaiyum: Vazhakku Visaaranaigal, Theerppugal Mattrum Thandanaigal, 1544-1845
250 _a01
260 _aChennai
_bNCBH
_c2025
300 _a216
365 _b185.00
942 _cBK
999 _c177044
_d177044